Match the Musician to the Band - Statistics

General Stats
  • This quiz has been taken 44 times
  • The average score is 28 of 37
Answer Stats
Hint Answer % Correct
Freddie Mercury Queen
100%
Kurt Cobain Nirvana
95%
Sting The Police
93%
Fergie Black Eyed Peas
90%
Ozzy Osbourne Black Sabbath
88%
Steven Tyler Aerosmith
85%
Stevie Nicks Fleetwood Mac
85%
Angus Young AC/DC
83%
will.i.am Black Eyed Peas
83%
Gene Simmons Kiss
83%
Eric Clapton Cream
80%
Slash Guns N’ Roses
80%
Robert Plant Led Zeppelin
80%
Dave Grohl Nirvana
80%
Gwen Stefani No Doubt
80%
David Gilmour Pink Floyd
80%
Bob Dylan The Traveling Wilburys
80%
Jack White The White Stripes
80%
Meg White The White Stripes
80%
David Lee Roth Van Halen
80%
Jungkook BTS
75%
Roger Waters Pink Floyd
75%
Brian Johnson AC/DC
73%
Flea Red Hot Chili Peppers
73%
George Harrison The Traveling Wilburys
73%
Ann Wilson Heart
70%
Roy Orbison The Traveling Wilburys
70%
Tom Petty The Traveling Wilburys
70%
Bon Scott AC/DC
68%
Nancy Wilson Heart
68%
Serj Tankian System of a Down
60%
Jerry Garcia The Grateful Dead
60%
Sammy Hagar Van Halen
60%
Danny Elfman Oingo Boingo
58%
Jimin BTS
55%
Jeff Lynne The Traveling Wilburys
55%
V BTS
53%
No matching quizzes found
Score Distribution
Percent of People with Each Score
Percentile by Number Answered
Your Score History
You have not taken this quiz